000 00284nam a22001337a 4500
008 171201b xxu||||| |||| 00| 0 eng d
020 _a9780133049237
041 _aeng
080 _a721
100 _a41
101 _aNDE
245 _aBUILDING TRADES: CORE
_cNEC
942 _2udc
_cBK
999 _c38655
_d38655